000 00638nam a2200181Ia 4500
008 090124s9999 xx 000 0 und d
082 _b30724
_a1803
100 _aचित्रे दिलीप पुरुषोत्तम
245 _a पुन्हा तुकाराम
250 _a0
260 _c2001
300 _a217
600 _aचित्रे दिलीप पुरुषोत्तम
630 _a पुन्हा तुकाराम
700 _aचित्रे दिलीप पुरुषोत्तम
730 _a पुन्हा तुकाराम
942 _cBOOK
999 _c144204
_d144204